00846nam a2200169Ia 4500008004000000020001800040082001600058100003000074245004700104260006100151300001300212650023200225690002900457906001100486999001900497952016000516210210b2002 xxu||||| |||| 00| 0 eng d a81 269 0093 8 a820.09 MAHP aMAHESHWARI (Vinod Kumar). aPerspectives on Indian english literature. aNew Delhi.bAtlantic Publishers and Distributors.,c2002 aviii,247 aMalgonkar Fire on the Mountain Sarojini Naidu Folk Songs in the Golden Threshold Nayantara Sahgal Mulk Raj Anand Kamala Markandaya Nectar in a Sieve Hand Full of Rice Horse and Two Goats Anita Desai Alphabet of Lust Kamala Das aIndian English Criticism a057888 c105291d105291 001040708EnglishaALbALcEnglish Literatured2021-02-17eAparna Prakashan, Kanpur.g495.00l0o820.09 MAHPp057888r2021-02-17 00:00:00w2021-02-17yBK